Top 10 US States with the Most Tornadoes - 2021 - Statistics

General Stats
  • This quiz has been taken 94 times
  • The average score is 8 of 10
Answer Stats
Number Answer % Correct
1. Texas
96%
3. Mississippi
89%
8. Kentucky
88%
2. Alabama
85%
9. Nebraska
81%
6. Tennessee
80%
4. Illinois
79%
5. Iowa
78%
7. Georgia
75%
10. Louisiana
75%
No matching quizzes found
Score Distribution
Percent of People with Each Score
Percentile by Number Answered
Your Score History
You have not taken this quiz